[Event "Titled Tuesday intern op 06th Sep Late"]
[Site "Chess.com INT"]
[Date "2022.09.06"]
[Round "2"]
[White "Miszler, Levente"]
[Black "Zinski, Maximilian"]
[Result "1-0"]
[WhiteElo "2280"]
[BlackElo "2046"]
[PlyCount "51"]
[EventDate "2022.09.06"]
[EventType "swiss (blitz)"]
[EventRounds "11"]
[EventCountry "USA"]
[SourceTitle "EXT 2023"]
[Source "ChessBase"]
[SourceDate "2022.10.05"]
[SourceVersion "1"]
[SourceVersionDate "2022.10.05"]
[SourceQuality "1"]

1. Nf3 d5 2. c4 d4 3. e3 c5 4. exd4 cxd4 5. b4 g6 6. Bb2 Bg7 7. d3 a6 8. Nbd2 e5 9. g3 Ne7 10. Bg2 Bd7 11. 0-0 Bc6 12. Re1 0-0 13. Nxe5 Bxg2 14. Kxg2 Nf5 15. Nef3 Qb6 16. a3 Nd7 17. Qc2 Rfe8 18. c5 Qc6 19. Nc4 g5 20. h3 h5 21. Na5 Qc7 22. Qc4 Ne5 23. Nxe5 Bxe5 24. Qd5 Rad8 25. Qf3 Ng7 26. Nc4 1-0

[Event "Titled Tuesday intern op 06th Sep Late"]
[Site "Chess.com INT"]
[Date "2022.09.06"]
[Round "1"]
[White "Petrovic, Aleksa"]
[Black "Zinski, Maximilian"]
[Result "1-0"]
[WhiteElo "2237"]
[BlackElo "2046"]
[PlyCount "61"]
[EventDate "2022.09.06"]
[EventType "swiss (blitz)"]
[EventRounds "11"]
[EventCountry "USA"]
[SourceTitle "EXT 2023"]
[Source "ChessBase"]
[SourceDate "2022.10.05"]
[SourceVersion "1"]
[SourceVersionDate "2022.10.05"]
[SourceQuality "1"]

1. d4 d5 2. c4 e6 3. Nf3 Nf6 4. Nc3 Bb4 5. e3 0-0 6. Bd2 Nc6 7. Be2 a6 8. 0-0 Re8 9. Rc1 Bd7 10. Qb3 dxc4 11. Bxc4 Qe7 12. Bd3 Na5 13. Qc2 c5 14. a3 c4 15. axb4 cxd3 16. Qxd3 Nb3 17. Nd5 exd5 18. Qxb3 Bb5 19. Rfe1 Rac8 20. Ne5 Ne4 21. Rxc8 Rxc8 22. Rc1 Rxc1+ 23. Bxc1 Qc7 24. Qd1 Be2 25. Qe1 Qc2 26. f3 Nd6 27. Qc3 Qd1+ 28. Kf2 Qf1+ 29. Kg3 h6 30. Qc2 Nf5+ 31. Qxf5 1-0

[Event "Titled Tuesday intern op 06th Sep Late"]
[Site "Chess.com INT"]
[Date "2022.09.06"]
[Round "7"]
[White "Urbina Perez, Juan Antonio"]
[Black "Zinski, Maximilian"]
[Result "1-0"]
[WhiteElo "2274"]
[BlackElo "2046"]
[PlyCount "63"]
[EventDate "2022.09.06"]
[EventType "swiss (blitz)"]
[EventRounds "11"]
[EventCountry "USA"]
[SourceTitle "EXT 2023"]
[Source "ChessBase"]
[SourceDate "2022.10.05"]
[SourceVersion "1"]
[SourceVersionDate "2022.10.05"]
[SourceQuality "1"]

1. e4 e5 2. Nf3 Nc6 3. Bb5 Bc5 4. 0-0 Qf6 5. c3 Nge7 6. d4 exd4 7. e5 Nxe5 8. Nxe5 Qxe5 9. Re1 Qf6 10. cxd4 Bxd4 11. Nc3 c6 12. Bd3 d5 13. Qe2 Be6 14. Qh5 0-0-0 15. Bg5 Qxf2+ 16. Kh1 Qxb2 17. Na4 Qb4 18. Rab1 Qxa4 19. Bxe7 Rd7 20. Rb4 Qa3 21. Rxd4 Rxe7 22. Rb1 c5 23. Rxd5 Rd8 24. Rxd8+ Kxd8 25. Qxh7 g6 26. Qh8+ Kc7 27. Qe5+ Kc8 28. Be4 Qa5 29. Qd6 Qc7 30. Bxb7+ Kb8 31. Qa6 Bd5 32. Bxd5+ 1-0

[Event "Titled Tuesday intern op 06th Sep Late"]
[Site "Chess.com INT"]
[Date "2022.09.06"]
[Round "3"]
[White "Zinski, Maximilian"]
[Black "Estrada Nieto, Julian"]
[Result "0-1"]
[WhiteElo "2046"]
[BlackElo "2260"]
[PlyCount "96"]
[EventDate "2022.09.06"]
[EventType "swiss (blitz)"]
[EventRounds "11"]
[EventCountry "USA"]
[SourceTitle "EXT 2023"]
[Source "ChessBase"]
[SourceDate "2022.10.05"]
[SourceVersion "1"]
[SourceVersionDate "2022.10.05"]
[SourceQuality "1"]

1. e4 e5 2. Nf3 Nc6 3. Bb5 a6 4. Ba4 Nf6 5. d4 exd4 6. 0-0 Be7 7. e5 Ne4 8. Nxd4 Nxd4 9. Qxd4 Nc5 10. Nc3 0-0 11. Bg5 Nxa4 12. Bxe7 Nxc3 13. Qh4 Ne2+ 14. Kh1 Qe8 15. Rae1 Nf4 16. Bxf8 Ng6 17. Qg3 Qxf8 18. f4 d6 19. exd6 cxd6 20. Qb3 Bf5 21. Qxb7 Rb8 22. Qxa6 Bxc2 23. Qc6 Rc8 24. Qb5 Ne7 25. Rf2 Bg6 26. Rfe2 Nc6 27. Qa4 Bd3 28. Re3 Bf5 29. b4 h6 30. b5 Ra8 31. Qb3 Nd4 32. Qd5 Nc2 33. h3 Nxe3 34. Rxe3 Be6 35. Qc6 Rxa2 36. b6 Ra1+ 37. Kh2 Qb8 38. f5 d5+ 39. g3 Ra2+ 40. Kh1 Ra1+ 41. Kh2 Bxf5 42. Re8+ Qxe8 43. Qxe8+ Kh7 44. Qd8 Be4 45. g4 h5 46. Kg3 Ra3+ 47. Kf4 f6 48. g5 Rf3# 0-1

[Event "Titled Tuesday intern op 30th Aug Late"]
[Site "Chess.com INT"]
[Date "2022.08.30"]
[Round "4"]
[White "Ezat, Mohamed Mahmoud"]
[Black "Zinski, Maximilian"]
[Result "1-0"]
[WhiteElo "2391"]
[BlackElo "2046"]
[PlyCount "69"]
[EventDate "2022.08.30"]
[EventType "swiss (blitz)"]
[EventRounds "11"]
[EventCountry "USA"]
[SourceTitle "EXT 2023"]
[Source "ChessBase"]
[SourceDate "2022.10.05"]
[SourceVersion "1"]
[SourceVersionDate "2022.10.05"]
[SourceQuality "1"]

1. e4 e5 2. Nf3 Nc6 3. Bb5 Bc5 4. c3 Qf6 5. 0-0 Nge7 6. d4 exd4 7. Re1 dxc3 8. Nxc3 0-0 9. Bg5 Qg6 10. Nd5 Nxd5 11. exd5 Nd4 12. Nxd4 Qxg5 13. Nf3 Qf6 14. Rc1 d6 15. b4 Bb6 16. Rc4 a6 17. Ba4 a5 18. b5 Bd7 19. Qd2 Rfe8 20. h3 Rxe1+ 21. Qxe1 Re8 22. Re4 Rxe4 23. Qxe4 Kf8 24. Qxh7 Qa1+ 25. Kh2 Bxf2 26. b6 c6 27. dxc6 bxc6 28. b7 Ba7 29. b8Q+ Bxb8 30. Qh8+ Ke7 31. Qxb8 Qxa2 32. Bb3 Qa3 33. Qb6 a4 34. Qe3+ Kd8 35. Qb6+ 1-0

[Event "Titled Tuesday intern op 30th Aug Late"]
[Site "Chess.com INT"]
[Date "2022.08.30"]
[Round "5"]
[White "Zinski, Maximilian"]
[Black "Sivakumar, Shaaketh"]
[Result "0-1"]
[WhiteElo "2046"]
[BlackElo "2116"]
[PlyCount "130"]
[EventDate "2022.08.30"]
[EventType "swiss (blitz)"]
[EventRounds "11"]
[EventCountry "USA"]
[SourceTitle "EXT 2023"]
[Source "ChessBase"]
[SourceDate "2022.10.05"]
[SourceVersion "1"]
[SourceVersionDate "2022.10.05"]
[SourceQuality "1"]

1. e4 e6 2. d4 d5 3. Nd2 c5 4. Ngf3 Nc6 5. c3 cxd4 6. cxd4 dxe4 7. Nxe4 Bb4+ 8. Bd2 Bxd2+ 9. Qxd2 Nf6 10. Bd3 0-0 11. 0-0 Nxe4 12. Bxe4 h6 13. d5 exd5 14. Bxd5 Ne7 15. Be4 Qxd2 16. Nxd2 Bf5 17. Rfe1 Rad8 18. Rad1 Bxe4 19. Nxe4 Nf5 20. g3 Nd4 21. Kg2 Rfe8 22. Rxd4 Rxd4 23. Nf6+ gxf6 24. Rxe8+ Kg7 25. Re7 Rb4 26. b3 a5 27. Kf3 f5 28. Re3 Kf6 29. Re2 a4 30. Re3 a3 31. h4 Rd4 32. Ke2 Rd6 33. Kf3 Rc6 34. Re2 Rc3+ 35. Kg2 b5 36. f3 b4 37. Kf2 h5 38. Re3 Rc2+ 39. Re2 Rb2 40. Ke3 f4+ 41. gxf4 Kf5 42. Rd2 Rxd2 43. Kxd2 Kxf4 44. Kd3 Kxf3 45. Kc4 Kg4 46. Kxb4 f5 47. Ka5 f4 48. b4 f3 49. b5 f2 50. b6 f1Q 51. b7 Qf8 52. Kb6 Kxh4 53. Ka7 Qe7 54. Ka8 Qe4 55. Ka7 Qa4+ 56. Kb6 Qb4+ 57. Kc7 Kg3 58. b8Q Qf4+ 59. Kb7 Qxb8+ 60. Kxb8 h4 61. Kb7 h3 62. Kb6 h2 63. Kb5 h1Q 64. Kb4 Qc1 65. Ka4 Qb2 0-1

[Event "Titled Tuesday intern op 12th Jan"]
[Site "Chess.com INT"]
[Date "2021.01.12"]
[Round "9"]
[White "Kahlert, Thomas"]
[Black "Zinski, Maximilian"]
[Result "1-0"]
[WhiteElo "2155"]
[BlackElo "2067"]
[PlyCount "133"]
[EventDate "2021.01.12"]
[EventType "swiss (blitz)"]
[EventRounds "11"]
[EventCountry "USA"]
[SourceTitle "CBM 200 Extra"]
[Source "ChessBase"]
[SourceDate "2021.03.31"]
[SourceVersion "1"]
[SourceVersionDate "2021.03.31"]
[SourceQuality "1"]

1. c4 e5 2. Nc3 Nc6 3. Nf3 Bc5 4. e3 d6 5. d4 exd4 6. exd4 Bb6 7. h3 Nf6 8. Be3 0-0 9. Be2 Re8 10. 0-0 Bf5 11. Re1 Qd7 12. d5 Ne5 13. Bxb6 axb6 14. Nxe5 Rxe5 15. Qd2 Rae8 16. Bf3 Qe7 17. Rxe5 Qxe5 18. b3 h6 19. Rd1 Bg6 20. Qd4 Nd7 21. Qxe5 Rxe5 22. Nb5 Nc5 23. Nxc7 Nd3 24. Nb5 Ne1 25. Nxd6 Bc2 26. Ra1 Kf8 27. Nb5 Ke7 28. Nd4 Kd7 29. Nxc2 Nxc2 30. Rc1 Nb4 31. a3 Nd3 32. Rd1 Ne1 33. Bg4+ Kd6 34. Kf1 Nc2 35. Be2 Nxa3 36. f4 Re3 37. Rd3 Re4 38. g3 Nc2 39. Kf2 Nb4 40. Re3 Rxe3 41. Kxe3 f6 42. Kd4 g5 43. Bg4 Na6 44. fxg5 fxg5 45. Bc8 Kc7 46. Bf5 Kd6 47. Bc2 b5 48. Bd1 bxc4 49. bxc4 Nc5 50. h4 b6 51. hxg5 hxg5 52. Be2 Nd7 53. Kc3 Kc5 54. Kd2 Kd4 55. Bf1 Ne5 56. Kc2 Kc5 57. Kc3 Nd7 58. Kd3 Ne5+ 59. Ke4 Nxc4 60. Bxc4 Kxc4 61. d6 b5 62. d7 b4 63. d8Q b3 64. Qd4+ Kb5 65. Qb2 Kc4 66. Ke3 Kb4 67. Ke4 1-0

[Event "Titled Tuesday intern op 12th Jan"]
[Site "Chess.com INT"]
[Date "2021.01.12"]
[Round "6"]
[White "Yordanov, Nikolay Plamenov"]
[Black "Zinski, Maximilian"]
[Result "0-1"]
[WhiteElo "2242"]
[BlackElo "2067"]
[PlyCount "230"]
[EventDate "2021.01.12"]
[EventType "swiss (blitz)"]
[EventRounds "11"]
[EventCountry "USA"]
[SourceTitle "CBM 200 Extra"]
[Source "ChessBase"]
[SourceDate "2021.03.31"]
[SourceVersion "1"]
[SourceVersionDate "2021.03.31"]
[SourceQuality "1"]

1. d4 d5 2. Bf4 Nf6 3. e3 c5 4. c3 Nc6 5. Nd2 Qb6 6. Qb3 c4 7. Qc2 g6 8. Ngf3 Bf5 9. Qc1 Bg7 10. Be2 Nh5 11. Bg3 0-0 12. 0-0 f6 13. Nh4 Nxg3 14. hxg3 Bd7 15. e4 e6 16. exd5 exd5 17. Qc2 Rae8 18. Rfe1 Nd8 19. Bf3 Qd6 20. b3 b5 21. bxc4 bxc4 22. a4 a5 23. Nxg6 hxg6 24. Qxg6 Rxe1+ 25. Rxe1 Bxa4 26. g4 Be8 27. Qf5 Bf7 28. g3 a4 29. Kg2 a3 30. Rh1 Be6 31. Qh5 Nc6 32. Bd1 a2 33. Bc2 Rd8 34. g5 fxg5 35. Qxg5 Qa3 36. Qf4 Bf7 37. Bh7+ Kf8 38. Bg6 Rd7 39. Nf3 a1Q 40. Rxa1 Qxa1 41. Ng5 Nd8 42. Bxf7 Rxf7 43. Nh7+ Kg8 44. Qh4 Qa5 45. Ng5 Qc7 46. Qh7+ Kf8 47. Nxf7 Nxf7 48. Qf5 Qd6 49. Qc8+ Qd8 50. Qf5 Kg8 51. Qe6 Qd6 52. Qe8+ Bf8 53. g4 Qe7 54. Qc8 Qe4+ 55. f3 Qe2+ 56. Kg3 Qe1+ 57. Kf4 Qd2+ 58. Kf5 Qg5+ 59. Ke6 Kg7 60. Qe8 Nd8+ 61. Kd7 Nf7 62. Kc6 Qf4 63. Qe6 Qf6 64. Qxf6+ Kxf6 65. Kxd5 Ng5 66. f4 Nh3 67. Kxc4 Nxf4 68. Kb5 Kg5 69. c4 Kxg4 70. c5 Kf5 71. c6 Ke6 72. d5+ Kd6 73. c7 Kxc7 74. Kc4 Kd8 75. Kd4 Ng6 76. Ke4 Ne7 77. d6 Nc8 78. Kd5 Bxd6 79. Ke4 Bc7 80. Kf3 Kd7 81. Kg2 Ke6 82. Kh1 Ke5 83. Kg2 Kf4 84. Kf1 Nd6 85. Kg2 Ne4 86. Kh1 Be5 87. Kg2 Kg4 88. Kf1 Kf3 89. Kg1 Bf4 90. Kh1 Nf2+ 91. Kg1 Bg3 92. Kf1 Bh2 93. Ke1 Ne4 94. Kf1 Nd2+ 95. Ke1 Ke3 96. Kd1 Kd3 97. Ke1 Bg3+ 98. Kd1 Bf2 99. Kc1 Nc4 100. Kd1 Nb2+ 101. Kc1 Kc3 102. Kb1 Be3 103. Ka2 Bc5 104. Kb1 Kb3 105. Kc1 Be3+ 106. Kb1 Nc4 107. Ka1 Bd4+ 108. Kb1 Be3 109. Ka1 Na5 110. Kb1 Nc6 111. Ka1 Nb4 112. Kb1 Bd2 113. Ka1 Nc2+ 114. Kb1 Na3+ 115. Ka1 Bc3# 0-1

[Event "Titled Tuesday intern op 12th Jan"]
[Site "Chess.com INT"]
[Date "2021.01.12"]
[Round "7"]
[White "Zinski, Maximilian"]
[Black "Kholin, Aleksandr1111"]
[Result "0-1"]
[WhiteElo "2067"]
[BlackElo "2405"]
[PlyCount "100"]
[EventDate "2021.01.12"]
[EventType "swiss (blitz)"]
[EventRounds "11"]
[EventCountry "USA"]
[SourceTitle "CBM 200 Extra"]
[Source "ChessBase"]
[SourceDate "2021.03.31"]
[SourceVersion "1"]
[SourceVersionDate "2021.03.31"]
[SourceQuality "1"]

1. e4 c6 2. Nc3 d5 3. Nf3 Bg4 4. h3 Bxf3 5. Qxf3 e6 6. d3 Bb4 7. Bd2 d4 8. Nb1 Bxd2+ 9. Nxd2 c5 10. 0-0-0 Nc6 11. Kb1 a5 12. Qg3 g6 13. Nc4 Nf6 14. Nd6+ Kf8 15. e5 Nd5 16. Nc4 Kg7 17. h4 h5 18. Re1 a4 19. a3 b5 20. Nd2 b4 21. axb4 cxb4 22. Re4 a3 23. b3 Nc3+ 24. Ka1 Nxe4 25. dxe4 d3 26. Qxd3 Qxd3 27. cxd3 Nxe5 28. d4 Ng4 29. f3 Ne3 30. Nc4 Nc2+ 31. Ka2 Nxd4 32. Bd3 Rhd8 33. Rd1 Nxb3 34. Kxb3 a2 35. Nb6 Rxd3+ 36. Rxd3 a1Q 37. Nxa8 Qxa8 38. Kxb4 Qb8+ 39. Kc3 Qg3 40. Rd2 Qxh4 41. Kd3 Qg3 42. Ke3 g5 43. Rf2 h4 44. Ke2 f5 45. exf5 exf5 46. Kf1 g4 47. fxg4 fxg4 48. Kg1 h3 49. Kh1 Qxf2 50. Kh2 Qxg2# 0-1

[Event "Titled Tuesday intern op 22nd Dec"]
[Site "Chess.com INT"]
[Date "2020.12.22"]
[Round "4"]
[White "Zinski, Maximilian"]
[Black "Palchuk, Andrii"]
[Result "0-1"]
[WhiteElo "2067"]
[BlackElo "2174"]
[PlyCount "52"]
[EventDate "2020.12.22"]
[EventType "swiss (blitz)"]
[EventRounds "11"]
[EventCountry "USA"]
[SourceTitle "CBM 199 Extra"]
[Source "ChessBase"]
[SourceDate "2021.01.31"]
[SourceVersion "1"]
[SourceVersionDate "2021.01.31"]
[SourceQuality "1"]

1. e4 c6 2. Nc3 d5 3. Nf3 dxe4 4. Nxe4 Nf6 5. Qe2 Nxe4 6. Qxe4 Qd5 7. Qa4 Nd7 8. d4 e6 9. c4 Qf5 10. Qb3 h6 11. Bd3 Qf6 12. Be3 Bd6 13. 0-0-0 0-0 14. Bc2 b5 15. Qd3 Qf5 16. Qe2 Qf6 17. c5 Bc7 18. g4 e5 19. g5 hxg5 20. Nxg5 g6 21. Rdg1 exd4 22. Nh7 Qh4 23. Nxf8 Nxf8 24. Bd2 Be6 25. Kb1 Re8 26. Qd1 Bd5 0-1

[Event "Titled Tuesday intern op 01st Dec"]
[Site "Chess.com INT"]
[Date "2020.12.01"]
[Round "7"]
[White "Zinski, Maximilian"]
[Black "Solomon, Kenny"]
[Result "0-1"]
[WhiteElo "2067"]
[BlackElo "2364"]
[PlyCount "76"]
[EventDate "2020.12.01"]
[EventType "swiss (blitz)"]
[EventRounds "11"]
[EventCountry "USA"]
[SourceTitle "CBM 199 Extra"]
[Source "ChessBase"]
[SourceDate "2021.01.31"]
[SourceVersion "1"]
[SourceVersionDate "2021.01.31"]
[SourceQuality "1"]

1. e4 c5 2. Nc3 a6 3. Nf3 e6 4. d4 cxd4 5. Nxd4 Qc7 6. a3 b5 7. Be3 Bb7 8. Bd3 Nf6 9. f4 b4 10. e5 bxc3 11. exf6 cxb2 12. Rb1 gxf6 13. 0-0 Bxa3 14. Qh5 Nc6 15. Nxc6 Qxc6 16. Rf2 Rg8 17. Bf1 Qe4 18. Bb6 Rc8 19. Qd1 Rc6 20. Ba7 Rd6 21. Qh5 Rd5 22. Qh6 Ke7 23. Qh3 Rf5 24. Qxa3+ d6 25. Rxb2 Rb5 26. Rxb5 axb5 27. Bb6 f5 28. Ba5 Ra8 29. Qc3 Bc6 30. Bb4 Kd7 31. Qe1 Qd5 32. Rd2 Qe4 33. c3 d5 34. Rf2 Qxe1 35. h3 Ra1 36. Kh2 Qxf2 37. Bc5 d4 38. Bxd4 Qxf1 0-1

[Event "Titled Tuesday intern op 17th Nov"]
[Site "Chess.com INT"]
[Date "2020.11.17"]
[Round "5"]
[White "Prydun, Andriy"]
[Black "Zinski, Maximilian"]
[Result "0-1"]
[WhiteElo "2254"]
[BlackElo "2067"]
[PlyCount "110"]
[EventDate "2020.11.17"]
[EventType "swiss (blitz)"]
[EventRounds "11"]
[EventCountry "USA"]
[SourceTitle "CBM 199 Extra"]
[Source "ChessBase"]
[SourceDate "2021.01.31"]
[SourceVersion "1"]
[SourceVersionDate "2021.01.31"]
[SourceQuality "1"]

1. d4 d5 2. Nc3 Nf6 3. Bf4 a6 4. f3 c5 5. e4 cxd4 6. Qxd4 Nc6 7. Qd2 d4 8. Nce2 e5 9. Bg5 Bb4 10. c3 dxc3 11. Qxd8+ Kxd8 12. Nxc3 Bxc3+ 13. bxc3 Ke7 14. Rb1 h6 15. Bh4 Rb8 16. Ne2 Be6 17. Nc1 b5 18. Nb3 Rhd8 19. Be2 a5 20. a3 b4 21. cxb4 axb4 22. a4 Bxb3 23. Rxb3 Nd4 24. Rb2 b3 25. Kf2 Ra8 26. Bb5 Ra5 27. Rhb1 Rb8 28. f4 g5 29. fxg5 Nxe4+ 30. Ke3 Nxg5 31. Be1 Nc2+ 32. Kf2 Ne4+ 33. Kf3 Ng5+ 34. Kg4 Nxe1 35. Rxe1 f6 36. Rxb3 Nf7 37. Kh5 Nd6 38. Kxh6 Nxb5 39. axb5 Raxb5 40. Rxb5 Rxb5 41. Re2 Rb8 42. Kg7 Rb4 43. g3 Rg4+ 44. Kh6 Kf7 45. Kh5 Rg8 46. Rb2 Ke6 47. Rd2 Kf5 48. Kh6 e4 49. Kh7 Rg4 50. Rf2+ Ke5 51. Re2 Kd4 52. Rf2 e3 53. Rxf6 e2 54. Rd6+ Ke3 55. Re6+ Re4 0-1

[Event "Titled Tuesday intern op 17th Nov"]
[Site "Chess.com INT"]
[Date "2020.11.17"]
[Round "8"]
[White "Zinski, Maximilian"]
[Black "Kadam, Om Manish"]
[Result "0-1"]
[WhiteElo "2067"]
[BlackElo "2114"]
[PlyCount "48"]
[EventDate "2020.11.17"]
[EventType "swiss (blitz)"]
[EventRounds "11"]
[EventCountry "USA"]
[SourceTitle "CBM 199 Extra"]
[Source "ChessBase"]
[SourceDate "2021.01.31"]
[SourceVersion "1"]
[SourceVersionDate "2021.01.31"]
[SourceQuality "1"]

1. e4 g6 2. d4 Bg7 3. Nc3 c6 4. Nf3 d6 5. Bf4 Nf6 6. Qd2 Qa5 7. 0-0-0 0-0 8. Kb1 b5 9. Nd5 Qd8 10. Nxf6+ Bxf6 11. h4 Bg4 12. h5 Nd7 13. hxg6 fxg6 14. e5 Bxf3 15. gxf3 dxe5 16. Bh6 exd4 17. Bd3 Ne5 18. Rdg1 Nxf3 19. Qe2 Nxg1 20. Qe6+ Rf7 21. Bxg6 hxg6 22. Rxg1 Qd5 23. Rxg6+ Kh7 24. Qg4 Qh1+ 0-1

[Event "Titled Tuesday intern op 17th Nov"]
[Site "Chess.com INT"]
[Date "2020.11.17"]
[Round "4"]
[White "Zinski, Maximilian"]
[Black "Matthiesen, Martin"]
[Result "0-1"]
[WhiteElo "2067"]
[BlackElo "2296"]
[PlyCount "136"]
[EventDate "2020.11.17"]
[EventType "swiss (blitz)"]
[EventRounds "11"]
[EventCountry "USA"]
[SourceTitle "CBM 199 Extra"]
[Source "ChessBase"]
[SourceDate "2021.01.31"]
[SourceVersion "1"]
[SourceVersionDate "2021.01.31"]
[SourceQuality "1"]

1. e4 e5 2. Nf3 Nc6 3. Bb5 a6 4. Ba4 Nf6 5. d4 exd4 6. 0-0 Be7 7. e5 Ne4 8. Nxd4 Nxd4 9. Qxd4 Nc5 10. Nc3 0-0 11. Bg5 Nxa4 12. Bxe7 Nxc3 13. Qh4 Ne2+ 14. Kh1 Qe8 15. Bxf8 Qxf8 16. Qe4 Nc3 17. bxc3 Rb8 18. a4 a5 19. Qc4 Qd8 20. Rad1 b6 21. f4 Bb7 22. Qd4 Bc6 23. Rf2 Qh4 24. f5 Qh5 25. Rdf1 Re8 26. Qf4 h6 27. Kg1 Kh8 28. g4 Qh4 29. Qg3 Qxg3+ 30. hxg3 Rxe5 31. Rd2 Bxa4 32. f6 Re4 33. fxg7+ Kxg7 34. Rdf2 Re7 35. Ra1 Bc6 36. Kf1 Re4 37. Rf4 Re3 38. Re1 Rxc3 39. Re7 Bd5 40. Rxd7 Be6 41. Rd2 b5 42. Kf2 a4 43. Rb4 c6 44. Rb1 a3 45. Ra1 a2 46. Kg2 c5 47. Kf2 b4 48. Re2 Bd5 49. Rd2 Be6 50. Ke2 c4 51. Kd1 b3 52. cxb3 cxb3 53. Rb2 Rxg3 54. Kd2 Rxg4 55. Kc3 Rg3+ 56. Kb4 h5 57. Ka3 h4 58. Rh2 h3 59. Rb2 Kg6 60. Rh2 Kg5 61. Rb2 Kg4 62. Rf1 Rg2 63. Re1 Rxb2 64. Kxb2 h2 65. Re4+ Kg3 66. Re3+ Kf2 67. Rxb3 Bxb3 68. Kxb3 a1Q 0-1